000 00710nam a2200229Ii 4500
003 JO-AjNU
008 230605s9999||||xx |||||||||||||| ||und||
017 _a2004/5/1232
020 _a9957-423-05-3
040 _aJO-AjNU
_bara
_erda
_cJO-AjNU
041 _aara
050 1 4 _aRC889 2005
100 3 _aتاليف أبو الرب، محمود,
_eauthor
_918450
245 0 0 _aكيف نعالج الضعف الجنسي
250 _aط1
264 3 1 _aعمان: دار الاسرة للنشر والتوزيع، 2005
300 _a103ص
336 _atext
_btxt
_2rdacontent
337 _aunmediated
_bn
_2rdamedia
338 _avolume
_bnc
_2rdacarrier
650 4 _aالضعف الجنسي - علاج
_918451
999 _aA5903
_c9471
_d9471